| 000 | 00769nam a22002417a 4500 | ||
|---|---|---|---|
| 003 | dpl | ||
| 005 | 20180823141925.0 | ||
| 008 | 180823b xxu||||| |||| 00| 0 eng d | ||
| 010 | _aB-031143 | ||
| 020 |
_c625.00 _a8170002427 |
||
| 035 | _aB-031143, B-031147 | ||
| 037 | _bCen Lib/Ret | ||
| 040 |
_aDPL _bEN _c0 |
||
| 082 |
_a028 _bSEH |
||
| 100 |
_aSehgal, R. L _92609 |
||
| 245 |
_aHand book of library software packages / _cby R. L. Sehgal |
||
| 260 |
_aNew Delhi _bEss Ess Publications _c1998 |
||
| 270 |
_a4837/24, Ansari Road, Darya Ganj _bNew Delhi _e110002 |
||
| 300 |
_a306p. : _c22cm(Hb) _bill. |
||
| 650 |
_aLibrary science -- Software _940078 |
||
| 650 |
_aLibrary science -- Computer programs _940079 |
||
| 942 |
_2ddc _cEN _h028 _mSEH |
||
| 999 |
_c134206 _d134206 |
||